[Event "FRA-chT2 0910"]
[Site "France"]
[Date "2009.11.22"]
[Round "4.5"]
[White "Genzling, Sylvie"]
[Black "Mayer, Jean Marc"]
[Result "0-1"]
[WhiteElo "1971"]
[BlackElo "2223"]
[PlyCount "84"]
[EventDate "2009.09.27"]
[EventType "team"]
[EventRounds "11"]
[EventCountry "FRA"]
[SourceDate "2009.07.26"]

1. e4 e5 2. d4 exd4 3. Qxd4 Nc6 4. Qe3 Nf6 5. Nc3 Bb4 6. Bd2 O-O 7. O-O-O Re8
8. Qg3 Rxe4 9. f3 Re8 10. h4 d5 11. a3 Bd6 12. Qf2 d4 13. Ne4 Rxe4 14. fxe4
Nxe4 15. Qf3 Ng3 16. Rh3 Bxh3 17. Nxh3 Nxf1 18. Rxf1 Ne5 19. Qe4 f6 20. Qxd4
Be7 21. Qc3 Qd5 22. Kb1 Rd8 23. Bc1 Qxg2 24. Rg1 Qc6 25. Qg3 Bf8 26. Nf4 Qf3
27. Qe1 Bc5 28. Rg3 Rd1 29. Rxf3 Rxe1 30. Rc3 Bb6 31. b4 c6 32. h5 Bd4 33. Rg3
Nc4 34. Nd3 Rd1 35. Ka2 Ne5 36. Bh6 Rg1 37. Rxg1 Bxg1 38. Bf4 Nxd3 39. cxd3 g5
40. hxg6 hxg6 41. Kb3 Kf7 42. Kc4 b5+ 0-1

[Event "FRA-chT2 0910"]
[Site "France"]
[Date "2009.11.22"]
[Round "4.2"]
[White "Dubreuil, Julien"]
[Black "Gurevich, Vladimir"]
[Result "1/2-1/2"]
[WhiteElo "2249"]
[BlackElo "2471"]
[PlyCount "93"]
[EventDate "2009.09.27"]
[EventType "team"]
[EventRounds "11"]
[EventCountry "FRA"]
[SourceDate "2009.07.26"]
[BlackTeam "Colmar"]

1. c4 e5 2. g3 Nf6 3. Bg2 d5 4. cxd5 Nxd5 5. Nc3 Nb6 6. Nf3 Nc6 7. O-O Be7 8.
Rb1 a5 9. d3 O-O 10. b3 Be6 11. Bb2 f5 12. Nd2 Nd5 13. Nc4 Bf6 14. Rc1 Re8 15.
Nxd5 Bxd5 16. e4 fxe4 17. Bxe4 Nb4 18. a3 Nc6 19. Re1 Qd7 20. Qh5 Bxe4 21. dxe4
Qe6 22. Qe2 Rad8 23. Qc2 Rd7 24. Rcd1 Red8 25. Rxd7 Rxd7 26. Rd1 b6 27. Rxd7
Qxd7 28. Ne3 Ne7 29. Qc4+ Kf8 30. Nd5 Nxd5 31. exd5 b5 32. Qe4 Qd6 33. h4 h5
34. Kg2 Kf7 35. f3 g6 36. Kh3 Bg7 37. g4 Qf6 38. Bc1 hxg4+ 39. Qxg4 Qd6 40. Qg3
Qc5 41. Bb2 Qf2 42. Bxe5 Bxe5 43. Qxe5 Qxf3+ 44. Kh2 Qf2+ 45. Kh3 Qf3+ 46. Kh2
Qf2+ 47. Kh3 1/2-1/2

[Event "FRA-chT2 0910"]
[Site "France"]
[Date "2009.11.22"]
[Round "4.3"]
[White "Serafimov, Tervel"]
[Black "Bissieres, Mathieu"]
[Result "1/2-1/2"]
[WhiteElo "2415"]
[BlackElo "2317"]
[PlyCount "78"]
[EventDate "2009.09.27"]
[EventType "team"]
[EventRounds "11"]
[EventCountry "FRA"]
[SourceDate "2009.07.26"]

1. c4 g6 2. Nc3 Bg7 3. Nf3 Nf6 4. d4 O-O 5. g3 d6 6. Bg2 Nbd7 7. d5 c5 8. dxc6
bxc6 9. Nd4 Bb7 10. Nxc6 Bxc6 11. Bxc6 Rc8 12. Bg2 Nb6 13. c5 Rxc5 14. O-O Nc4
15. b4 Rc8 16. Rb1 Nd7 17. Nb5 Qb6 18. Qa4 Nde5 19. Na3 Nxa3 20. Be3 Qb5 21.
Qxa3 a6 22. Bd4 Qxe2 23. Rfe1 Qb5 24. Bxe5 Bxe5 25. Bf1 Qd5 26. Qxa6 Rc2 27.
Re2 Rfc8 28. Rbe1 Bd4 29. Qd3 R2c3 30. Qd1 e5 31. a4 Qb3 32. b5 Qxd1 33. Rxd1
Ra3 34. Rb1 Rb8 35. Rc2 Rxa4 36. Rc7 d5 37. Rbc1 Ra2 38. R1c2 Ra1 39. Kg2 Rb6
1/2-1/2

[Event "FRA-chT2 0910"]
[Site "France"]
[Date "2009.11.22"]
[Round "4.4"]
[White "Bellet, Georges"]
[Black "Solonar, Stefan"]
[Result "1/2-1/2"]
[WhiteElo "2154"]
[BlackElo "2340"]
[PlyCount "29"]
[EventDate "2009.09.27"]
[EventType "team"]
[EventRounds "11"]
[EventCountry "FRA"]
[SourceDate "2009.07.26"]

1. e4 c5 2. Nf3 Nc6 3. d4 cxd4 4. Nxd4 e5 5. Nxc6 bxc6 6. Nc3 Nf6 7. Bc4 Be7 8.
O-O d6 9. h3 O-O 10. Bg5 h6 11. Bh4 Ne8 12. Bxe7 Qxe7 13. f4 exf4 14. Rxf4 Qg5
15. Rf2 {suite illisible} 1/2-1/2

[Event "FRA-chT2 0910"]
[Site "France"]
[Date "2009.11.22"]
[Round "4.5"]
[White "Joguet, Boris"]
[Black "Cau, Benjamin"]
[Result "1/2-1/2"]
[WhiteElo "2089"]
[BlackElo "2139"]
[PlyCount "83"]
[EventDate "2009.09.27"]
[EventType "team"]
[EventRounds "11"]
[EventCountry "FRA"]
[SourceDate "2009.07.26"]

1. e4 c6 2. d4 d5 3. e5 Bf5 4. Nc3 a6 5. g4 Bd7 6. Be3 e6 7. Na4 Ne7 8. Nc5 Qc7
9. f4 h5 10. gxh5 Nf5 11. Bf2 Bc8 12. c3 b6 13. Nd3 c5 14. Bh3 c4 15. Nc1 b5
16. Bg4 Nc6 17. Nce2 b4 18. Nf3 Bd7 19. O-O Be7 20. Ng3 a5 21. Qc2 Nh6 22. Bh3
a4 23. f5 exf5 24. Bxf5 Nxf5 25. Nxf5 Bxf5 26. Qxf5 Qd7 27. Nh4 Bxh4 28. Bxh4
Qxf5 29. Rxf5 a3 30. bxa3 bxc3 31. e6 fxe6 32. Re1 c2 33. Rxe6+ Kd7 34. Re1
Rxa3 35. Rxd5+ Kc8 36. Rc5 Kb7 37. Rxc4 Rxh5 38. Bg3 Rxa2 39. Rc1 Rd5 40. R4xc2
Rxc2 41. Rxc2 Rxd4 42. Kg2 1/2-1/2

[Event "FRA-chT2 0910"]
[Site "France"]
[Date "2009.11.22"]
[Round "4.6"]
[White "L'Hermitte, Emmanuel"]
[Black "Borni, Jean Bernard"]
[Result "0-1"]
[WhiteElo "2030"]
[BlackElo "2029"]
[PlyCount "58"]
[EventDate "2009.09.27"]
[EventType "team"]
[EventRounds "11"]
[EventCountry "FRA"]
[SourceDate "2009.07.26"]

1. d4 d5 2. c4 e6 3. Nc3 Nf6 4. Nf3 Be7 5. Bf4 O-O 6. e3 b6 7. cxd5 exd5 8. Be2
a6 9. O-O Bb7 10. Qc2 Nbd7 11. Rfd1 c5 12. dxc5 bxc5 13. h3 Qb6 14. Rac1 Rac8
15. Qb1 Rfd8 16. Rd2 Nf8 17. Rcd1 Ng6 18. Bg5 Qe6 19. Nh2 d4 20. exd4 Ne4 21.
Nxe4 Bxe4 22. Bg4 f5 23. Re2 Bxb1 24. Rxe6 Bxg5 25. Bf3 Bxa2 26. Rxa6 Bb3 27.
Re1 cxd4 28. Ra3 Bc2 29. Nf1 d3 0-1

[Event "FRA-chT2 0910"]
[Site "France"]
[Date "2009.11.22"]
[Round "4.8"]
[White "Cuffaro, Laetitia"]
[Black "Joguet, Myriam"]
[Result "1-0"]
[WhiteElo "1570"]
[BlackElo "1770"]
[PlyCount "95"]
[EventDate "2009.09.27"]
[EventType "team"]
[EventRounds "11"]
[EventCountry "FRA"]
[SourceDate "2009.07.26"]

1. d4 b6 2. c4 e6 3. Nf3 Bb7 4. Bf4 Nf6 5. Nc3 d5 6. e3 Bd6 7. Bg3 O-O 8. Be2
c5 9. O-O Bxg3 10. hxg3 cxd4 11. Nxd4 Nc6 12. Nf3 Ne7 13. Qc2 Rc8 14. Rfd1 Qe8
15. b3 dxc4 16. bxc4 Ba6 17. Qb3 Bb7 18. Nb5 Rc5 19. Nxa7 Nd7 20. Nb5 Bc6 21.
Na7 Qa8 22. Nxc6 Qxc6 23. Nd4 Qc8 24. Rac1 e5 25. Nb5 Nc6 26. Nd6 Qb8 27. Ne4
Na5 28. Qa4 Qa8 29. Nxc5 Nxc5 30. Qb4 Qa7 31. Rb1 Rb8 32. Rd6 Na6 33. Qb2 Qc7
34. Rxb6 Nc6 35. Rxb8+ Naxb8 36. Bf3 Nd7 37. Bxc6 Qxc6 38. Qb8+ Nf8 39. Qxe5
Qxc4 40. Qb2 g6 41. Qb3 Qc7 42. a4 Nd7 43. Qb5 Qc2 44. a5 h6 45. a6 Qa2 46. Rb4
Qa1+ 47. Kh2 Qd1 48. Rd4 1-0

[Event "FRA-chT2 0910"]
[Site "France"]
[Date "2009.11.22"]
[Round "4.2"]
[White "Onkoud, Abdelaziz"]
[Black "Mohebbi, Jaffar"]
[Result "0-1"]
[WhiteElo "2377"]
[BlackElo "2327"]
[PlyCount "92"]
[EventDate "2009.09.27"]
[EventType "team"]
[EventRounds "11"]
[EventCountry "FRA"]
[SourceDate "2009.07.26"]

1. Nf3 c5 2. c4 Nc6 3. Nc3 g6 4. g3 Bg7 5. Bg2 e5 6. O-O Nge7 7. Ne1 d6 8. Nc2
O-O 9. Rb1 Bf5 10. d3 Qd7 11. b4 Rab8 12. e4 Bg4 13. f3 Be6 14. Nd5 Bxd5 15.
cxd5 Nxb4 16. Nxb4 cxb4 17. Rxb4 b5 18. Be3 a5 19. Rb2 Rb7 20. Qd2 Ra8 21. Rfb1
h5 22. a3 f5 23. Rb3 Bf6 24. Bf1 h4 25. d4 hxg3 26. hxg3 fxe4 27. fxe4 Qg4 28.
Bg2 a4 29. Rd3 Qxg3 30. Bh6 Qg4 31. Rf1 Bh4 32. Rdf3 b4 33. axb4 g5 34. dxe5
Ng6 35. exd6 a3 36. d7 Rxd7 37. d6 Kh7 38. Qd5 Re8 39. Bf8 Nf4 40. Rxf4 gxf4
41. e5 Rxf8 42. e6 Rg7 43. e7 Rfg8 44. Qe4+ Kh6 45. Qxf4+ Qxf4 46. Rxf4 Rxg2+
0-1

[Event "FRA-chT2 0910"]
[Site "France"]
[Date "2009.11.22"]
[Round "4.3"]
[White "Vatter, Hans Joachim"]
[Black "Velasco, Santiago"]
[Result "1-0"]
[WhiteElo "2321"]
[BlackElo "2168"]
[PlyCount "45"]
[EventDate "2009.09.27"]
[EventType "team"]
[EventRounds "11"]
[EventCountry "FRA"]
[SourceDate "2009.07.26"]

1. e4 e5 2. Nf3 Nc6 3. Bc4 Bc5 4. c3 Nf6 5. d3 h6 6. Bb3 d5 7. Qe2 O-O 8. O-O
Re8 9. exd5 Nxd5 10. d4 Bf8 11. dxe5 Nb6 12. Bf4 Qe7 13. Nbd2 Bf5 14. Ne4 Bg4
15. h3 Bxf3 16. Qxf3 a5 17. a4 Kh8 18. Rfe1 Nxe5 19. Bxe5 Qxe5 20. Qxf7 Qe7 21.
Ng3 Qg5 22. h4 Qxh4 23. Nf5 1-0

[Event "FRA-chT2 0910"]
[Site "France"]
[Date "2009.11.22"]
[Round "4.4"]
[White "Eusebe, Aurelien"]
[Black "Becht, Lucas"]
[Result "1-0"]
[WhiteElo "2239"]
[BlackElo "2258"]
[PlyCount "71"]
[EventDate "2009.09.27"]
[EventType "team"]
[EventRounds "11"]
[EventCountry "FRA"]
[SourceDate "2009.07.26"]

1. e4 c5 2. Nc3 Nc6 3. Bb5 Nd4 4. Bc4 g6 5. d3 Bg7 6. Nge2 e6 7. O-O Ne7 8. Bg5
O-O 9. Nxd4 cxd4 10. Nb5 d6 11. c3 dxc3 12. Nxc3 a6 13. d4 h6 14. Bh4 b5 15.
Bb3 Bb7 16. f3 Rc8 17. Qd2 Qd7 18. d5 exd5 19. exd5 Nf5 20. Bf2 Rfe8 21. Ne4 h5
22. a4 Re5 23. Rfd1 h4 24. Qb4 bxa4 25. Bxa4 Qe7 26. Bb3 Re8 27. Qb6 h3 28.
gxh3 Bc8 29. Ba4 Rf8 30. Rac1 Rxe4 31. fxe4 Nh4 32. Qe3 Bxb2 33. Rc2 Be5 34.
Kh1 f5 35. Qh6 Bf6 36. Bxh4 1-0

[Event "FRA-chT2 0910"]
[Site "France"]
[Date "2009.11.22"]
[Round "4.5"]
[White "Marzolf, Bruno"]
[Black "Landie, Thibault"]
[Result "0-1"]
[WhiteElo "2243"]
[BlackElo "2133"]
[PlyCount "90"]
[EventDate "2009.09.27"]
[EventType "team"]
[EventRounds "11"]
[EventCountry "FRA"]
[SourceDate "2009.07.26"]

1. e4 d6 2. d4 Nf6 3. Nc3 g6 4. Be3 c6 5. Qd2 Bg7 6. Nf3 O-O 7. Bh6 Bg4 8. Bxg7
Kxg7 9. Ng5 h6 10. h3 Bc8 11. Nf3 Qc7 12. e5 dxe5 13. dxe5 Nd5 14. Ne4 f5 15.
Nc5 Qb6 16. Nd3 Na6 17. a3 Rd8 18. c4 Ndc7 19. Qc3 Ne6 20. Be2 Nac5 21. Nxc5
Nxc5 22. O-O Ne4 23. Qc2 Be6 24. b4 Ng3 25. Rfc1 Nxe2+ 26. Qxe2 c5 27. Rab1 Rd7
28. Qe3 Rc8 29. h4 Kh7 30. Qf4 Qd8 31. Kh2 b6 32. b5 Qg8 33. a4 Rd3 34. Ra1 Qd8
35. a5 bxa5 36. Ra4 a6 37. bxa6 Ra8 38. Rb1 Rxa6 39. Raa1 Bd7 40. e6 Bxe6 41.
Rb7 Bc8 42. Rc7 Re6 43. Rxc5 Bb7 44. h5 Bxf3 45. hxg6+ Rxg6 0-1

[Event "FRA-chT2 0910"]
[Site "France"]
[Date "2009.11.22"]
[Round "4.6"]
[White "Iasoni, Robert"]
[Black "Syska, Albert"]
[Result "0-1"]
[WhiteElo "2101"]
[BlackElo "2251"]
[PlyCount "38"]
[EventDate "2009.09.27"]
[EventType "team"]
[EventRounds "11"]
[EventCountry "FRA"]
[SourceDate "2009.07.26"]

1. d4 e6 2. Nf3 f5 3. Bf4 Nf6 4. h3 c5 5. e3 Qb6 6. dxc5 Bxc5 7. Nbd2 d5 8. Nb3
Be7 9. Be2 Nc6 10. O-O O-O 11. Qc1 Bd7 12. Rd1 Rfc8 13. Qd2 Ne4 14. Qc1 Bf6 15.
Ne1 e5 16. Bh2 Be6 17. f3 Bg5 18. f4 exf4 19. Nd3 f3 0-1

[Event "FRA-chT2 0910"]
[Site "France"]
[Date "2009.11.22"]
[Round "4.7"]
[White "Engelmann, Herve"]
[Black "Loukili, Abdelillah"]
[Result "0-1"]
[WhiteElo "2087"]
[BlackElo "2109"]
[PlyCount "66"]
[EventDate "2009.09.27"]
[EventType "team"]
[EventRounds "11"]
[EventCountry "FRA"]
[SourceDate "2009.07.26"]

1. e4 d6 2. d4 Nf6 3. Nc3 c6 4. Nf3 g6 5. Bd3 Bg7 6. O-O b5 7. Re1 b4 8. Ne2
O-O 9. h3 a5 10. Bg5 h6 11. Be3 Nfd7 12. Qd2 Kh7 13. e5 dxe5 14. dxe5 e6 15.
Ng3 Ba6 16. Nh5 Bxd3 17. Nxg7 Be4 18. Bxh6 Bxf3 19. Bg5 Qc7 20. Bf6 Nxf6 21.
exf6 Bd5 22. Qg5 Rh8 23. Nf5 Kg8 24. Rad1 Rh5 25. Ne7+ Kh7 26. Qe3 Nd7 27. g4
Re5 28. Qd4 c5 29. Qd2 Nxf6 30. Rxe5 Qxe5 31. Re1 Ne4 32. Qe3 Bb7 33. Qf3 Ng5
0-1

[Event "FRA-chT2 0910"]
[Site "France"]
[Date "2009.11.22"]
[Round "4.8"]
[White "Afraoui, Solenn"]
[Black "Criqui, Laurence"]
[Result "1-0"]
[WhiteElo "1817"]
[BlackElo "1636"]
[PlyCount "51"]
[EventDate "2009.09.27"]
[EventType "team"]
[EventRounds "11"]
[EventCountry "FRA"]
[SourceDate "2009.07.26"]

1. Nf3 Nf6 2. d4 d5 3. g3 Bf5 4. Bg2 e6 5. O-O Be7 6. Nbd2 O-O 7. h3 h6 8. c4
c6 9. Ne5 Nbd7 10. Kh2 Nxe5 11. dxe5 Nd7 12. f4 dxc4 13. Nxc4 Nb6 14. Nd6 Bxd6
15. exd6 Nd7 16. e4 Bh7 17. b4 Qb6 18. a3 Rad8 19. Bb2 f5 20. e5 a5 21. Bd4 Qb5
22. Qd2 axb4 23. axb4 Ra8 24. Rfc1 Rfc8 25. Bf1 Qd5 26. Bc4 1-0

[Event "FRA-chT2 0910"]
[Site "France"]
[Date "2009.11.22"]
[Round "4.1"]
[White "Bardel, Stephan"]
[Black "Rusev, Krasimir"]
[Result "0-1"]
[WhiteElo "2245"]
[BlackElo "2537"]
[PlyCount "70"]
[EventDate "2009.09.27"]
[EventType "team"]
[EventRounds "11"]
[EventCountry "FRA"]
[SourceDate "2009.07.26"]

1. c4 e6 2. Nf3 d5 3. g3 dxc4 4. Bg2 Nd7 5. Qc2 c5 6. Na3 Ngf6 7. Nxc4 b5 8.
Nce5 Nxe5 9. Nxe5 Nd5 10. Qb3 a6 11. a4 c4 12. Qd1 Bb7 13. O-O Bd6 14. d4 O-O
15. Bd2 Qc7 16. Nf3 Nf6 17. Qe1 Bc6 18. axb5 axb5 19. Rxa8 Rxa8 20. Bb4 Ra4 21.
Bxd6 Qxd6 22. Qd2 h6 23. Ne5 Bd5 24. Rc1 Qb4 25. Qxb4 Rxb4 26. Rc2 Bxg2 27.
Kxg2 Ra4 28. e3 Nd5 29. b3 cxb3 30. Rb2 Ra3 31. Nd3 Ra2 32. Rxb3 Nxe3+ 33. Kh3
Nd1 34. Rxb5 Rd2 35. Rb3 Rxd3 0-1

[Event "FRA-chT2 0910"]
[Site "France"]
[Date "2009.11.22"]
[Round "4.2"]
[White "Blum, Nicolas"]
[Black "Broca, Alexandre"]
[Result "1-0"]
[WhiteElo "2253"]
[BlackElo "2142"]
[PlyCount "37"]
[EventDate "2009.09.27"]
[EventType "team"]
[EventRounds "11"]
[EventCountry "FRA"]
[SourceDate "2009.07.26"]

1. e4 e5 2. Bc4 Nf6 3. d3 Bc5 4. Nc3 a6 5. f4 d6 6. Nf3 Nc6 7. f5 Na5 8. a3
Nxc4 9. dxc4 c6 10. Bg5 Ba7 11. Qd3 Qe7 12. O-O-O Bb8 13. g4 b5 14. Bh4 bxc4
15. Qxc4 Qb7 16. Bxf6 gxf6 17. h4 a5 18. g5 Qb6 19. Nd5 1-0

[Event "FRA-chT2 0910"]
[Site "France"]
[Date "2009.11.22"]
[Round "4.3"]
[White "Joie, Sebastien"]
[Black "Herb, Pascal"]
[Result "0-1"]
[WhiteElo "2108"]
[BlackElo "2259"]
[PlyCount "82"]
[EventDate "2009.09.27"]
[EventType "team"]
[EventRounds "11"]
[EventCountry "FRA"]
[SourceDate "2009.07.26"]

1. e4 e5 2. Nf3 Nc6 3. Bb5 a6 4. Bxc6 dxc6 5. O-O Qd6 6. Na3 b5 7. c3 c5 8. d3
Ne7 9. Nc2 Nc6 10. Ne3 Be7 11. Qe2 O-O 12. Nd5 Bd8 13. d4 cxd4 14. cxd4 Nxd4
15. Nxd4 exd4 16. Bf4 Qd7 17. Rac1 c6 18. Nb4 Re8 19. Nxc6 Bb7 20. Ne5 Qe6 21.
f3 Bb6 22. Nd3 Rac8 23. Qf2 f5 24. Rxc8 Rxc8 25. Be5 fxe4 26. Qg3 Qg6 27. Qxg6
hxg6 28. fxe4 Bxe4 29. Rd1 Rc2 30. h4 g5 31. g3 Re2 32. Bd6 Rg2+ 33. Kf1 Rh2
34. Nf2 d3 35. Nxe4 Rh1+ 36. Kg2 Rxd1 37. Kf3 Rf1+ 38. Kg4 Re1 39. Nd2 gxh4 40.
gxh4 Re2 41. Bf4 Ba5 0-1

[Event "FRA-chT2 0910"]
[Site "France"]
[Date "2009.11.22"]
[Round "4.4"]
[White "Graeber, Fabien"]
[Black "Prost, Frederic"]
[Result "1/2-1/2"]
[WhiteElo "2124"]
[BlackElo "2135"]
[PlyCount "72"]
[EventDate "2009.09.27"]
[EventType "team"]
[EventRounds "11"]
[EventCountry "FRA"]
[SourceDate "2009.07.26"]

1. c4 Nf6 2. Nf3 g6 3. Nc3 Bg7 4. e4 d6 5. d4 O-O 6. h3 e5 7. dxe5 dxe5 8. Qxd8
Rxd8 9. Be3 Na6 10. Be2 Nh5 11. O-O Nf4 12. Rfd1 Nxe2+ 13. Nxe2 Be6 14. b3 f6
15. Nc3 Rxd1+ 16. Rxd1 c6 17. Ne1 Bf8 18. Nd3 g5 19. Kf1 h6 20. f3 b6 21. Ke2
Be7 22. Rd2 Kg7 23. Kd1 Rh8 24. Kc2 Rd8 25. Nf2 Rh8 26. Nd3 h5 27. a4 g4 28.
hxg4 hxg4 29. f4 Nb4+ 30. Nxb4 Bxb4 31. f5 Bf7 32. g3 Rh3 33. Rg2 Rh1 34. Bd2
Bc5 35. Nd1 Kf8 36. Be3 Bxe3 {suite illisible} 1/2-1/2

[Event "FRA-chT2 0910"]
[Site "France"]
[Date "2009.11.22"]
[Round "4.7"]
[White "Tching Sin, Olivier"]
[Black "Muheim, Sebastien"]
[Result "0-1"]
[WhiteElo "2010"]
[BlackElo "2040"]
[PlyCount "86"]
[EventDate "2009.09.27"]
[EventType "team"]
[EventRounds "11"]
[EventCountry "FRA"]
[SourceDate "2009.07.26"]

1. e4 c5 2. Nf3 d6 3. d4 cxd4 4. Nxd4 Nf6 5. Nc3 a6 6. Bc4 Nbd7 7. Bg5 g6 8.
O-O Bg7 9. Qd2 h6 10. Bh4 O-O 11. Bb3 g5 12. Bg3 Nc5 13. Rfe1 e5 14. Nf3 Bg4
15. Rad1 Bxf3 16. gxf3 Nxb3 17. axb3 Ne8 18. Qd5 Qe7 19. Na4 Rc8 20. c4 Rc6 21.
b4 Nc7 22. Qd3 b5 23. cxb5 Nxb5 24. Nc3 Nxc3 25. bxc3 Rfc8 26. Rc1 Qc7 27. Red1
Bf8 28. Kg2 Rc4 29. h4 f6 30. Ra1 Rxc3 31. Qd5+ Qf7 32. Rxa6 Qxd5 33. Rxd5 Rd8
34. b5 Kf7 35. Kh3 Ke6 36. hxg5 hxg5 37. Kg4 f5+ 38. Kxg5 Be7+ 39. Kg6 f4 40.
Bxf4 exf4 41. Rh5 Rg8+ 42. Kh7 Re8 43. Rh6+ Bf6 0-1

[Event "FRA-chT2 0910"]
[Site "France"]
[Date "2009.11.22"]
[Round "4.1"]
[White "Zaitsev, Mikhail"]
[Black "Jeitz, Christian"]
[Result "1/2-1/2"]
[WhiteElo "2503"]
[BlackElo "2253"]
[PlyCount "88"]
[EventDate "2009.09.27"]
[EventType "team"]
[EventRounds "11"]
[EventCountry "FRA"]
[SourceDate "2009.07.26"]

1. e4 c5 2. c3 Nf6 3. e5 Nd5 4. d4 cxd4 5. Qxd4 e6 6. Nf3 Nc6 7. Qe4 d6 8. Nbd2
Be7 9. Nc4 dxe5 10. Ncxe5 Nxe5 11. Nxe5 O-O 12. Bc4 Nf6 13. Qe2 Qc7 14. Bf4 Bd6
15. Rd1 Rd8 16. O-O b6 17. Bg3 Nd5 18. Bxd5 exd5 19. Nf3 Bxg3 20. hxg3 a5 21.
Rfe1 Ba6 22. Qe7 Qxe7 23. Rxe7 f6 24. Nd4 Re8 25. Rde1 Kf8 26. R7e6 Kf7 27. f3
Bc4 28. a3 b5 29. Rxe8 Rxe8 30. Rd1 a4 31. Kf2 h5 32. Rd2 g6 33. Nc2 Ke6 34.
Ke3 Kd6+ 35. Kd4 Re7 36. Ne3 Re8 37. Rd1 Re7 38. Rh1 Re6 39. Rh4 Re8 40. Rh1
Re7 41. Rh2 Re6 42. Rh1 Re7 43. Re1 Re5 44. Rh1 Re7 1/2-1/2

[Event "FRA-chT2 0910"]
[Site "France"]
[Date "2009.11.22"]
[Round "4.4"]
[White "Ruffenach, Alain"]
[Black "Hisler, Thomas"]
[Result "0-1"]
[WhiteElo "2011"]
[BlackElo "2240"]
[PlyCount "70"]
[EventDate "2009.09.27"]
[EventType "team"]
[EventRounds "11"]
[EventCountry "FRA"]
[SourceDate "2009.07.26"]

1. e4 e5 2. Bc4 Bc5 3. Nf3 d6 4. c3 Qe7 5. O-O Nf6 6. d4 Bb6 7. Bg5 h6 8. Bh4
Nc6 9. Nbd2 g5 10. Bg3 Bg4 11. d5 Nb8 12. a4 a5 13. h3 Bh5 14. b4 Nbd7 15. Be2
Bg6 16. bxa5 Bxa5 17. Bb5 O-O 18. Bxd7 Qxd7 19. Qb3 Nxe4 20. Nxe4 Bxe4 21. Nd2
Bd3 22. Rfe1 f5 23. Bxe5 dxe5 24. Rxe5 Rae8 25. Nf3 Be4 26. Rxe8 Rxe8 27. c4
Qg7 28. Rc1 g4 29. hxg4 fxg4 30. Nh4 Qg5 31. Rd1 Qxh4 32. Qb5 Rf8 33. Rf1 Bxg2
34. Kxg2 Qh3+ 35. Kg1 g3 0-1

[Event "FRA-chT2 0910"]
[Site "France"]
[Date "2009.11.22"]
[Round "4.5"]
[White "Carrillo, Jesus"]
[Black "Achereiner, Guillaume"]
[Result "1/2-1/2"]
[WhiteElo "2104"]
[BlackElo "1999"]
[PlyCount "73"]
[EventDate "2009.09.27"]
[EventType "team"]
[EventRounds "11"]
[EventCountry "FRA"]
[SourceDate "2009.07.26"]

1. e4 c5 2. Bc4 e6 3. Nf3 Nc6 4. O-O g6 5. c3 Nge7 6. Bb3 d5 7. e5 c4 8. Bc2
Bg7 9. Re1 Qc7 10. Qe2 b5 11. d4 Bd7 12. a3 a5 13. Nbd2 a4 14. Nf1 O-O-O 15.
Bf4 h6 16. h4 Rdg8 17. Bh2 Bf8 18. Ne3 Rg7 19. Ng4 Ng8 20. Nf6 Qd8 21. Nxd7
Qxd7 22. Nd2 Be7 23. Bg3 h5 24. Nf3 Nh6 25. Bf4 Bd8 26. g3 Nf5 27. Rad1 Rgg8
28. Bg5 Bxg5 29. Nxg5 Nh6 30. Qf3 Rf8 31. Rd2 Ne7 32. Qf4 Qc7 33. Kg2 Kd7 34.
f3 Qb8 35. Bd1 Qc7 36. g4 f5 37. gxh5 1/2-1/2

[Event "FRA-chT2 0910"]
[Site "France"]
[Date "2009.11.22"]
[Round "4.6"]
[White "Vigneron, Quentin"]
[Black "Joly, Laurent"]
[Result "1/2-1/2"]
[WhiteElo "1925"]
[BlackElo "2035"]
[PlyCount "83"]
[EventDate "2009.09.27"]
[EventType "team"]
[EventRounds "11"]
[EventCountry "FRA"]
[SourceDate "2009.07.26"]

1. e4 Nf6 2. e5 Nd5 3. d4 d6 4. Nf3 dxe5 5. Nxe5 c6 6. Be2 Bf5 7. Bd3 Bxd3 8.
Qxd3 Nd7 9. O-O Nxe5 10. dxe5 e6 11. Rd1 b5 12. c4 bxc4 13. Qxc4 Qb6 14. Nc3
Nxc3 15. Qxc3 Bc5 16. Qg3 O-O 17. Rf1 Rfd8 18. Bh6 Bf8 19. b3 Qa6 20. Rac1 Rd3
21. Be3 Rad8 22. Qf4 Ba3 23. Qc4 Qxc4 24. Rxc4 Bb2 25. Rxc6 Bxe5 26. g3 h6 27.
Rfc1 R8d7 28. Ra6 Bd4 29. Bxd4 R3xd4 30. Rc8+ Kh7 31. Ra8 Kg6 32. R8xa7 R7d5
33. Rc6 Rd2 34. Rc1 Rb2 35. Rcc7 Rf5 36. f4 Rd5 37. Rd7 Rc5 38. Rac7 Ra5 39.
Ra7 Rc5 40. Rac7 Ra5 41. Ra7 Rc5 42. Rac7 1/2-1/2

[Event "FRA-chT2 0910"]
[Site "France"]
[Date "2009.11.22"]
[Round "4.8"]
[White "May, Alexandre"]
[Black "Monpeurt, Cyrielle"]
[Result "0-1"]
[WhiteElo "1748"]
[BlackElo "1827"]
[PlyCount "88"]
[EventDate "2009.09.27"]
[EventType "team"]
[EventRounds "11"]
[EventCountry "FRA"]
[SourceDate "2009.07.26"]

1. d4 f5 2. c4 Nf6 3. Nc3 g6 4. g3 Bg7 5. Bg2 d6 6. Nf3 O-O 7. O-O Qe8 8. d5 h6
9. Re1 c6 10. Nd4 e5 11. dxe6 Bxe6 12. e4 Bxc4 13. exf5 Qf7 14. b3 Bd5 15. fxg6
Qxg6 16. Nxd5 Nxd5 17. Bxd5+ cxd5 18. Bb2 Nd7 19. Qd2 Nc5 20. Re2 Ne4 21. Qb4
Qf7 22. Rf1 h5 23. f4 Rac8 24. Rfe1 h4 25. Kg2 Qg6 26. Qxb7 Rc5 27. f5 Qg4 28.
Ne6 h3+ 29. Kg1 Bxb2 30. Rxb2 Nxg3 31. Qg7+ Qxg7 32. Nxg7 Nxf5 33. Ne6 Re8 34.
Kf2 Ra5 35. Rg1+ Kf7 36. Ng5+ Kf6 37. Nxh3 Rh8 38. Kg2 Ne3+ 39. Kg3 Nf5+ 40.
Kg2 Ne3+ 41. Kg3 d4 42. Nf4 Rg5+ 43. Kf2 Rxh2+ 44. Kf3 Rxb2 0-1

[Event "FRA-chT2 0910"]
[Site "France"]
[Date "2009.11.22"]
[Round "4.1"]
[White "Vicol, Dorian"]
[Black "Shchekachev, Andrei"]
[Result "0-1"]
[WhiteElo "2373"]
[BlackElo "2546"]
[PlyCount "66"]
[EventDate "2009.09.27"]
[EventType "team"]
[EventRounds "11"]
[EventCountry "FRA"]
[SourceDate "2009.07.26"]
[WhiteTeam "Mundolsheim"]
[BlackTeam "Meaux"]

1. e4 c5 2. Nf3 e6 3. d4 cxd4 4. Nxd4 a6 5. Be2 Nf6 6. Nc3 d6 7. Be3 Nc6 8. f4
Be7 9. Qd2 O-O 10. O-O-O Nd7 11. g4 ({RR} 11. Bf3 Qc7 12. Kb1 Nxd4 13. Qxd4 b5
14. h4 Rb8 15. h5 b4 16. Ne2 Nc5 17. g4 Bb7 18. Ng3 Rfc8 19. h6 e5 20. Qc4 g6
21. f5 Bf8 22. g5 a5 23. fxg6 hxg6 24. Bxc5 dxc5 25. Bg4 Rd8 {Pavlovic,M (2483)
-Shchekachev,A (2546)/Pamplona 2010/Mega2010 Update 34/1-0 (33)}) 11... Nxd4
12. Bxd4 b5 13. Bf3 $146 (13. a3) 13... Bb7 14. Qf2 Qc7 15. Rhe1 Rfc8 (15... b4
) 16. Rd2 b4 17. Na4 e5 $1 18. Be3 $2 exf4 {[%cal Gd7e5]} 19. Bxf4 Bc6 {[%csl
Ra4]} 20. e5 dxe5 21. Bxc6 Qxc6 22. Rxd7 Qxd7 23. Nb6 Qxg4 (23... Qa7 {[%cal
Ga7f2]}) 24. Nxc8 Rxc8 25. Bxe5 Bh4 26. Rg1 Rxc2+ $1 27. Kb1 (27. Kxc2 Qe4+ {
[%cal Gh4f2]}) 27... Rxf2 28. Rxg4 Bf6 29. Bxf6 Rxf6 30. Rxb4 g5 31. a4 h5 32.
h3 Kg7 33. Rc4 Rf3 0-1